Представление документа в формате MARC21

Поле Инд. ПП Название Значение
Тип записи a
Библиографический уровень a
001 Контрольный номер 2e56307b867c4634a31853adf678415e
005 Дата корректировки 20260423085745.8
020 a ISBN 978-5-907919-723
040 a Служба первич. каталог. НБ ТвГУ
b Код языка каталог. rus
e Правила каталог. PSBO
041 0_ a Код языка текста rus
097 b Оператор Komarova.ES
100 1_ a Автор Куёк Марьет Гиссовна
q Полное имя Куёк М. Г.
245 10 a Заглавие Орнаментальный язык современного искусства как транслятор культурного кода
260 a Место издания Москва
b Издательство Московский союз литераторов
504 a Библиография Библиогр. в подстроч. примеч.
520 0_ a Аннотация В статье рассматривается архаичный язык познания человеком окружающего мира природы, Космоса, Вселенной, выраженный в символических геометрических знаках, транслирующих возникновение культурного пространства на протяжении длительного исторического периода. Древний орнаментальный язык является пиктографическим письмом, изобразительным способом сохранения и передачи знаний, обладающий магическими и обереговыми функциями, призванными сохранить мифологическое мышление человека. На протяжении многих тысячелетий орнаментальный язык искусства транслирует культурный код человека, связывающий мировоззрение и ритуалы прошлого с визуальной культурой современности.
653 0_ a Ключевые слова Ритуалы
a Ключевые слова Мировоззрения
a Ключевые слова Национальный культурный код
a Ключевые слова Знаки и символы
a Ключевые слова Архаичный орнамент
a Ключевые слова Трансляция культурного кода
773 18 w Контрольный № источника b6c41c0621c24b1a8844e5348daa290e
t Название источника IV международная научно-практическая конференция "Русский язык и литература в современном мире: как сохранить национальный культурный код"
d Место и дата издания Москва : Московский союз литераторов, 2026
g Прочая информация С. 97-104
901 t Тип документа a
920 a Оператор Кома
954 b Дата поступления в ОК 20260423